[Event "Olympiad-42"]
[Site "Baku"]
[Date "2016.09.09"]
[Round "7.4"]
[White "Arvind, Goru"]
[Black "Alzaim, Talal"]
[Result "0-1"]
[WhiteElo "1717"]
[BlackElo "2259"]
[PlyCount "82"]
[EventDate "2016.09.02"]
[EventType "team-swiss"]
[EventRounds "11"]
[EventCountry "AZE"]
[SourceTitle "CBM 175"]
[Source "ChessBase"]
[SourceDate "2016.11.10"]
[SourceVersion "1"]
[SourceVersionDate "2016.11.10"]
[SourceQuality "1"]
[WhiteTeam "Fiji"]
[BlackTeam "Syria"]
[WhiteTeamCountry "FIJ"]
[BlackTeamCountry "SYR"]

1. f4 d5 2. Nf3 Nf6 3. d4 Bf5 4. e3 e6 5. Bd3 c5 6. Bxf5 exf5 7. 0-0 Nc6 8. c3 c4 9. Ne5 Bd6 10. Nd2 0-0 11. Ndf3 Ne4 12. Nxc6 bxc6 13. Nd2 Nf6 14. Nf3 a5 15. Qc2 g6 16. Bd2 Re8 17. Ne5 Bxe5 18. fxe5 Ne4 19. Be1 a4 20. Rb1 Qg5 21. Bd2 f6 22. exf6 Nxd2 23. Qxd2 Qxe3+ 24. Qxe3 Rxe3 25. g4 fxg4 26. Rf4 h5 27. f7+ Kg7 28. Rbf1 Rf8 29. Rf6 a3 30. bxa3 Rxc3 31. Rxc6 Rxf7 32. Re1 g3 33. h4 Rf2 34. a4 Rcc2 35. a5 Rg2+ 36. Kh1 Rh2+ 37. Kg1 Rcg2+ 38. Kf1 Rxa2 39. Kg1 Rxh4 40. a6 g2 41. Rc7+ Kh6 0-1

[Event "Fiji op 2nd"]
[Site "Suva"]
[Date "2016.08.16"]
[Round "5"]
[White "Vukikomoala, Hilda"]
[Black "Arvind, Goru"]
[Result "1/2-1/2"]
[WhiteElo "1436"]
[BlackElo "1720"]
[PlyCount "65"]
[EventDate "2016.08.14"]
[EventType "swiss"]
[EventRounds "7"]
[EventCountry "FIJ"]
[SourceTitle "CBM 174 Extra"]
[Source "ChessBase"]
[SourceDate "2016.10.10"]
[SourceVersion "1"]
[SourceVersionDate "2016.10.10"]
[SourceQuality "1"]

1. e4 e6 2. d4 d6 3. Nf3 Ne7 4. Bg5 c6 5. Bd3 Nd7 6. 0-0 Qc7 7. Re1 e5 8. c3 h6 9. Be3 Ng6 10. Nbd2 Be7 11. Nf1 0-0 12. Ng3 Nf6 13. h3 Nh7 14. Qd2 Nh4 15. Nxh4 Bxh4 16. Nf5 Bxf5 17. exf5 exd4 18. Bxd4 Bg5 19. Be3 Qd8 20. Rad1 Re8 21. Re2 Bxe3 22. Rxe3 Nf6 23. Rde1 Qd7 24. Bc2 d5 25. Kf1 a6 26. Qd4 Rxe3 27. Rxe3 Re8 28. Rxe8+ Nxe8 29. Qe5 Nf6 30. Qb8+ Kh7 31. Qe5 c5 32. b3 b6 33. a4 1/2-1/2

[Event "Fiji op 2nd"]
[Site "Suva"]
[Date "2016.08.15"]
[Round "3"]
[White "Arvind, Goru"]
[Black "James, Jack"]
[Result "0-1"]
[WhiteElo "1720"]
[BlackElo "1996"]
[PlyCount "70"]
[EventDate "2016.08.14"]
[EventType "swiss"]
[EventRounds "7"]
[EventCountry "FIJ"]
[SourceTitle "CBM 174 Extra"]
[Source "ChessBase"]
[SourceDate "2016.10.10"]
[SourceVersion "1"]
[SourceVersionDate "2016.10.10"]
[SourceQuality "1"]

1. c4 Nf6 2. Nc3 c6 3. e3 g6 4. Nf3 Bg7 5. Be2 0-0 6. 0-0 d6 7. h3 Nbd7 8. d3 e5 9. e4 h6 10. Nh2 Ne8 11. Ng4 Kh7 12. Qd2 h5 13. Nh2 Nc5 14. Nf3 f6 15. Qd1 Ne6 16. Re1 N8c7 17. Bf1 d5 18. cxd5 cxd5 19. exd5 Nxd5 20. d4 exd4 21. Nxd4 Nxc3 22. bxc3 Nxd4 23. cxd4 f5 24. Bb2 Bd7 25. Rb1 Bc6 26. Bc4 Be4 27. Rc1 Qb6 28. Ba3 Bxd4 29. Bxf8 Bxf2+ 30. Kh1 Rd8 31. Qa4 Bxe1 32. Qa3 Re8 33. Bf7 Bxg2+ 34. Kxg2 Qf2+ 35. Kh1 Qf1+ 0-1

[Event "Oceania zt"]
[Site "Nadi"]
[Date "2013.05.08"]
[Round "7"]
[White "Bekker, Gary"]
[Black "Arvind, Goru"]
[Result "1/2-1/2"]
[WhiteElo "1827"]
[BlackElo "1659"]
[PlyCount "80"]
[EventDate "2013.05.05"]
[EventType "swiss"]
[EventRounds "9"]
[EventCountry "FIJ"]
[SourceTitle "CBM 154 Extra"]
[Source "ChessBase"]
[SourceDate "2013.06.25"]
[SourceVersion "2"]
[SourceVersionDate "2013.06.25"]
[SourceQuality "1"]

1. d4 d5 2. c4 c6 3. Nf3 Nf6 4. Nc3 e6 5. e3 Be7 6. Bd3 0-0 7. 0-0 dxc4 8. Bxc4 Nd5 9. e4 Nxc3 10. bxc3 Nd7 11. Be3 Nf6 12. Qc2 h6 13. a4 Qc7 14. Rfe1 b6 15. Bd3 c5 16. Qd2 cxd4 17. cxd4 a5 18. Bf4 Bb4 19. Qxb4 Qxf4 20. Qxb6 Bd7 21. Qc5 Rfc8 22. Qe5 Qg4 23. h3 Qg6 24. Ra3 Ne8 25. Qf4 f6 26. e5 f5 27. Rc1 Qf7 28. Qd2 Nc7 29. Rc5 Qf8 30. Ra1 Qe8 31. Qa2 Nd5 32. Qb3 Rcb8 33. Bb5 Qg6 34. Nd2 Nf4 35. Qf3 Bxb5 36. Rxb5 Nd5 37. Nc4 Rc8 38. Rxa5 Rxa5 39. Nxa5 Rc3 40. Qd1 Nf4 1/2-1/2

[Event "Olympiad-40"]
[Site "Istanbul"]
[Date "2012.08.29"]
[Round "2.4"]
[White "Arvind, Goru"]
[Black "Magana, Ben"]
[Result "1/2-1/2"]
[WhiteElo "1678"]
[BlackElo "2032"]
[PlyCount "73"]
[EventDate "2012.08.28"]
[EventType "team-swiss"]
[EventRounds "11"]
[EventCountry "TUR"]
[SourceTitle "CBM 151"]
[Source "ChessBase"]
[SourceDate "2012.11.13"]
[SourceVersion "1"]
[SourceVersionDate "2012.11.13"]
[SourceQuality "1"]
[WhiteTeam "Fiji"]
[BlackTeam "Kenya"]
[WhiteTeamCountry "FIJ"]
[BlackTeamCountry "KEN"]

1. e3 e5 2. d3 d5 3. Nd2 Nf6 4. c3 Bc5 5. Ne2 0-0 6. Ng3 Nc6 7. Be2 Re8 8. Qc2 Ng4 9. Bxg4 Bxg4 10. 0-0 h5 11. Nb3 Bd6 12. f3 h4 13. Ne2 Bh5 14. e4 dxe4 15. dxe4 Qf6 16. h3 Re6 17. Be3 Qe7 18. Kh1 Rf8 19. Rad1 Bg6 20. Qc1 f5 21. Bg5 Qe8 22. exf5 Bxf5 23. Bxh4 Bxh3 24. gxh3 Rh6 25. Bg3 Rxh3+ 26. Kg2 Qh5 27. Qe3 Rf6 28. Rh1 Rxh1 29. Rxh1 Qf7 30. Qe4 Ne7 31. Qh7+ Kf8 32. Qe4 Ng6 33. Qxb7 Nf4+ 34. Nxf4 exf4 35. Rh8+ Ke7 36. Qe4+ Kd7 37. Qa4+ 1/2-1/2

[Event "Olympiad-40"]
[Site "Istanbul"]
[Date "2012.08.28"]
[Round "1.4"]
[White "Arvind, Goru"]
[Black "Gunbayar, Myagmarsuren"]
[Result "0-1"]
[WhiteElo "1678"]
[BlackElo "2358"]
[PlyCount "50"]
[EventDate "2012.08.28"]
[EventType "team-swiss"]
[EventRounds "11"]
[EventCountry "TUR"]
[SourceTitle "CBM 151"]
[Source "ChessBase"]
[SourceDate "2012.11.13"]
[SourceVersion "1"]
[SourceVersionDate "2012.11.13"]
[SourceQuality "1"]
[WhiteTeam "Fiji"]
[BlackTeam "Mongolia"]
[WhiteTeamCountry "FIJ"]
[BlackTeamCountry "MGL"]

1. e3 d5 2. d3 Nf6 3. Nd2 c5 4. c3 Nc6 5. Ne2 e5 6. Ng3 Bd6 7. e4 d4 8. c4 0-0 9. Be2 Ne7 10. 0-0 Be6 11. Nh5 Nxh5 12. Bxh5 Qd7 13. Bf3 Ng6 14. g3 Rab8 15. Bg2 Bh3 16. b3 h5 17. Bxh3 Qxh3 18. Qf3 Bc7 19. Qg2 Qg4 20. f3 Qe6 21. h4 Ba5 22. a4 Rbe8 23. Kh2 Bc3 24. Rb1 a5 25. Qh3 b6 0-1

[Event "FIJ-ch"]
[Site "Suva"]
[Date "2007.12.01"]
[Round "5"]
[White "Arvind, Goru"]
[Black "Kumar, Manoj"]
[Result "0-1"]
[WhiteElo "1702"]
[BlackElo "2000"]
[PlyCount "104"]
[EventDate "2007.11.29"]
[EventType "tourn"]
[EventRounds "9"]
[EventCountry "FIJ"]
[SourceTitle "EXT 2010"]
[Source "ChessBase"]
[SourceDate "2010.11.25"]
[SourceVersion "1"]
[SourceVersionDate "2010.11.25"]
[SourceQuality "1"]

1. e3 e5 2. d3 d5 3. Nd2 c5 4. Be2 Nc6 5. Bg4 Nf6 6. Bxc8 Rxc8 7. Ne2 Bd6 8. 0-0 0-0 9. Re1 e4 10. Nf1 Qe7 11. Neg3 Qe5 12. a3 Rcd8 13. f4 exf3 14. Qxf3 Rfe8 15. Rb1 Nd4 16. Qf2 Ng4 17. Qd2 h5 18. h3 Nf6 19. b3 Nc6 20. Bb2 Qg5 21. Qf2 Be5 22. Bxe5 Rxe5 23. Qf4 Rde8 24. Qxg5 Rxg5 25. Kf2 Rge5 26. Nd2 g6 27. c4 Kg7 28. e4 h4 29. Ngf1 dxe4 30. dxe4 Nxe4+ 31. Nxe4 Rxe4 32. Nd2 Rxe1 33. Rxe1 Rxe1 34. Kxe1 Nd4 35. Kf2 f5 36. b4 b6 37. b5 Kf6 38. g3 hxg3+ 39. Kxg3 g5 40. Nb1 Nc2 41. a4 Ne3 42. Nd2 f4+ 43. Kf3 Kf5 44. Nb3 Nxc4 45. Nc1 Ne5+ 46. Ke2 Ke4 47. Nb3 f3+ 48. Kf1 Ke3 49. a5 c4 50. axb6 axb6 51. Nc1 c3 52. Na2 c2 0-1

[Event "FIJ-ch"]
[Site "Suva"]
[Date "2007.11.30"]
[Round "4"]
[White "Prasad, Calvin"]
[Black "Arvind, Goru"]
[Result "0-1"]
[WhiteElo "1843"]
[BlackElo "1702"]
[PlyCount "76"]
[EventDate "2007.11.29"]
[EventType "tourn"]
[EventRounds "9"]
[EventCountry "FIJ"]
[SourceTitle "EXT 2010"]
[Source "ChessBase"]
[SourceDate "2010.11.25"]
[SourceVersion "1"]
[SourceVersionDate "2010.11.25"]
[SourceQuality "1"]

1. d4 d6 2. c4 e6 3. e4 Ne7 4. Nc3 Ng6 5. Bd3 Be7 6. Be3 Nd7 7. Nge2 e5 8. d5 Bg5 9. Qd2 Bxe3 10. Qxe3 Nf6 11. f3 Bd7 12. b4 b6 13. Rc1 a5 14. b5 Qe7 15. Na4 0-0 16. Nac3 h6 17. g4 Nh7 18. Qf2 Qf6 19. h4 Nf4 20. Rd1 g5 21. Nxf4 exf4 22. Kd2 Kg7 23. Kc2 Rh8 24. Rh2 Nf8 25. hxg5 Qxg5 26. Qd4+ Qf6 27. Qxf6+ Kxf6 28. Rdh1 Kg7 29. g5 h5 30. Rxh5 Rxh5 31. Rxh5 Ng6 32. Ne2 Rh8 33. Rxh8 Kxh8 34. Nd4 Nh4 35. Kd2 Kg7 36. Nf5+ Bxf5 37. exf5 Nxf3+ 38. Ke2 Nxg5 0-1